00353nam a2200121 a 45000010005000000030005000050050017000100080041000270400020000681100042000882450042001302600059001723341CDMR20151016124801.0130130s1989||||||||||||||||||||||||||||d aCDMRbcatcCDMR2 aCol·legi de Periodistes de Catalunya10aReglament internb: règim electoral aBarcelonac1989bCol·legi de Periodistes de Catalunya